Fin de millénaire Budapest : metamorphoses of urban life /

Bibliographic Details
Main Author: Bodnaŕ, Judit, 1963-
Format: Book
Language:English
Published: Minneapolis : University of Minnesota Press, [2001]
Series:Globalization and community ; v. 8.
Subjects:

MARC

Tag First Indicator Second Indicator Subfields
LEADER 00000pam a2200000 a 4500
001 in00001600527
005 20151022170914.0
008 000515s2001 mnua b 001 0 eng
010 |a  00009538  
020 |a 0816635846 (hard : alk. paper) 
020 |a 0816635854 (pbk. : alk. paper) 
035 |a (OCoLC)ocm44083912 
040 |a DLC  |c DLC  |d YDX  |d TXA  |d UtOrBLW 
043 |a e-hu---  |a ee----- 
049 |a TXAM 
050 0 0 |a HN420.5.B8  |b B63 2001 
082 0 0 |a 306/.09439/12  |2 21 
100 1 |a Bodnaŕ, Judit,  |d 1963- 
245 1 0 |a Fin de millénaire Budapest :  |b metamorphoses of urban life /  |c Judit Bodnar. 
264 1 |a Minneapolis :  |b University of Minnesota Press,  |c [2001] 
264 4 |c ©2001 
300 |a vii, 222 pages :  |b illustrations ;  |c 24 cm. 
336 |a text  |b txt  |2 rdacontent 
337 |a unmediated  |b n  |2 rdamedia 
338 |a volume  |b nc  |2 rdacarrier 
490 1 |a Globalization and community ;  |v v. 8 
504 |a Includes bibliographical references (pages 207-218) and index. 
505 0 |a Introduction -- Constructing difference : western versus non-western, capitalist versus socialist urban logic -- "he that hath to him shall be given" : inequalities of housing privatization -- Inner city doubly renewed : global phenomenon, local accents -- Assembling the square : social transformation in public space and the broken mirage of the second economy -- Globalizing art and consumption : art movies and shopping malls -- Urban texture unraveling : fragmentation of the city -- Conclusion. 
650 0 |a Cities and towns  |z Europe, Eastern. 
650 0 |a Post-communism. 
650 0 |a Globalization. 
651 0 |a Budapest (Hungary)  |x Social conditions. 
830 0 |a Globalization and community ;  |v v. 8. 
948 |a cataloged  |b h  |c 2001/2/23  |d c  |e jspillan  |f 10:08:49 am 
994 |a E0  |b TXA 
999 |a MARS 
999 f f |s 94707661-94fe-3dd9-bcb4-64b5c76a1597  |i 82994005-a450-3719-9db0-8e3000429364  |t 0 
952 f f |p ric  |a Texas A&M University  |b Rellis Campus  |c Joint Library Facility  |d Remote Storage  |t 0  |e HN420.5.B8 B63 2001  |h Library of Congress classification  |i unmediated -- volume  |m A14827177029 
998 f f |a HN420.5.B8 B63 2001  |t 0  |l Remote Storage